Statistics for Countries Marco Polo visited

Click here to take the quiz!

General Stats

  • This quiz has been taken 52 times
  • The average score is 7 of 11

Answer Stats

Continent Country % Correct
AsiaChina
93%
AsiaIndia
91%
Asia/ EuropeTurkey
84%
AsiaIran
80%
EuropeItaly
77%
AsiaIraq
70%
AsiaAfghanistan
59%
AsiaMongolia
57%
AsiaArmenia
27%
EuropeVatican City
18%
AsiaMyanmar
16%

Score Distribution

Percentile by Number Answered

Percent of People with Each Score

Your Score History

You have not taken this quiz